000 00334nam a2200133Ia 4500
005 20260328104246.0
008 260328s9999||||xx |||||||||||||| ||und||
100 _aCoviella, Jose M.
245 0 _aFotografia Digital y Photoshop /
_cJose M. Coviella
260 _bAlfaomega
300 _a303 p.
650 _aFOTOGRAFÍA
942 _cBK
999 _c10066
_d10066